[Event "Montesilvano Easter op 8th"]
[Site "Montesilvano"]
[Date "2023.04.07"]
[Round "1"]
[White "Bonelli, Federico"]
[Black "Maldonado Gonzales, Stefano"]
[Result "1/2-1/2"]
[WhiteElo "1924"]
[BlackElo "2207"]
[PlyCount "139"]
[EventDate "2023.04.07"]
[EventType "swiss"]
[EventRounds "6"]
[EventCountry "ITA"]
[SourceTitle "CBM 213 Extra"]
[Source "ChessBase"]
[SourceDate "2023.05.31"]
[SourceVersion "1"]
[SourceVersionDate "2023.05.31"]
[SourceQuality "1"]

1. d4 Nf6 2. Nf3 d5 3. c3 c5 4. dxc5 e6 5. Be3 a5 6. c4 Bd7 7. cxd5 Nxd5 8. Bd4 Na6 9. e4 Ndb4 10. a3 Nc6 11. Bxa6 Nxd4 12. Bxb7 Nxf3+ 13. Qxf3 Rb8 14. c6 Bc8 15. Qg3 Qd6 16. Qxd6 Bxd6 17. Bxc8 Rxc8 18. Nc3 Rxc6 19. 0-0-0 Bxa3 20. bxa3 Rxc3+ 21. Kb2 Rc8 22. Rc1 Ke7 23. Rhd1 Rxc1 24. Kxc1 Rc8+ 25. Kb2 Rc4 26. f3 a4 27. Rd3 f5 28. exf5 exf5 29. g3 Kf6 30. Rd5 h5 31. h4 f4 32. gxf4 Rxf4 33. Rxh5 g6 34. Rh8 Kg7 35. Rb8 Rxh4 36. Rb4 g5 37. Kc3 Kf6 38. Rb8 Ke5 39. Rf8 Rf4 40. Re8+ Kd5 41. Rd8+ Kc5 42. Rd3 Rc4+ 43. Kb2 Rh4 44. Kc3 Rf4 45. Re3 Rc4+ 46. Kd3 Kd5 47. Re8 Rf4 48. Re3 Rd4+ 49. Kc3 Rh4 50. Re8 Rh3 51. Rd8+ Ke5 52. Kb4 Rxf3 53. Kxa4 g4 54. Rg8 Kf5 55. Kb4 g3 56. a4 Rf4+ 57. Kb5 Rg4 58. Rf8+ Ke4 59. Rf1 Rg5+ 60. Kb6 Rg6+ 61. Kb5 Kd3 62. a5 Rg5+ 63. Kb6 Ke2 64. Rg1 Kf2 65. Rxg3 Kxg3 66. a6 Kf4 67. a7 Rg6+ 68. Kb7 Rg7+ 69. Kb8 Rxa7 70. Kxa7 1/2-1/2